Statistics for Spell the alphabet

Click here to take the quiz!

General Stats

  • This quiz has been taken 31 times
  • The average score is 16 of 26

Answer Stats

Hint Answer % Correct
AA
100%
EE
80%
II
77%
BBEE
77%
FEF
73%
DDEE
73%
CCEE
73%
OO
70%
GGEE
70%
NEN
67%
ZZEE
67%
PPEE
67%
UU
67%
MEM
67%
LEL
67%
VVEE
63%
XEX
63%
SESS
63%
TTEE
63%
KKAY
60%
JJAY
60%
RAR
60%
WDOUBLE-U
47%
YWY
30%
QCUE
23%
HAITCH
7%

Score Distribution

Percentile by Number Answered

Percent of People with Each Score

Your Score History

You have not taken this quiz